Zlepšené parametre vedúce k zhoršenej prognóze. Paradox?

Prognózy vývoja ekonomiky SR.

Saved in:
Bibliographic Details
Main Author: Morvay, Karol, 1973-
Format: Book Chapter
Language:Slovak
Subjects:
Tags: Add Tag
No Tags, Be the first to tag this record!

MARC

LEADER 00000naa a2200000 4500
001 0306965
005 20250828102439.0
041 0 |a slo 
044 |a SK 
245 1 0 |a Zlepšené parametre vedúce k zhoršenej prognóze. Paradox?  |c Karol Morvay 
520 |a Prognózy vývoja ekonomiky SR. 
610 2 0 |a makroekonomika 
610 2 0 |a prognózy hospodárske 
610 2 0 |a mzdy 
610 2 0 |a sily pracovné 
610 2 0 |a inflácia 
610 2 0 |a spotreba 
610 2 0 |a obchod zahraničný 
610 2 0 |a investície 
610 2 0 |a produkt domáci hrubý 
610 2 0 |a rast hospodársky 
100 1 |a Morvay, Karol, 1973-